Lékařská chemie a biochemie pro studující medicíny stomatologického směru. 1. část /
Uložené v:
| Hlavní autori: | , , |
|---|---|
| Médium: | Kniha |
| Jazyk: | Czech |
| Vydané: |
Praha :
Státní pedagogické nakladatelství,
1978.
|
| Vydanie: | 1. [dotisk] 2. vyd. |
| ISBN: |
(brož.) |
| Fyzický popis: |
276 s. : tab., obr. |
| Tagy: |
Pridať tag
Žiadne tagy, Buďte prvý kto otaguje tento záznam!
|
Titul je dostupný aj v ... 

MARC
| LEADER | 00000nam a22000001 4500 | ||
|---|---|---|---|
| 001 | 000124924 | ||
| 005 | 20100818204235.0 | ||
| 008 | 951226s1978 xr f 000 0 cze d | ||
| 020 | |a (brož.) |c Kčs 21,00 | ||
| 040 | |a SVKKK |b slo |c SVKKK |e AACR2 | ||
| 041 | 0 | |a cze | |
| 044 | |a xr |c CZ | ||
| 100 | 1 | |a Večerek, Břetislav, |d 1925-1984 |4 aut | |
| 245 | 1 | 0 | |a Lékařská chemie a biochemie pro studující medicíny stomatologického směru. |n 1. část / |c Břetislav Večerek, Jaroslav Prokeš, Petr Schneiderka. |
| 250 | |a 1. [dotisk] 2. vyd. | ||
| 260 | |a Praha : |b Státní pedagogické nakladatelství, |c 1978. | ||
| 300 | |a 276 s. : |b tab., obr. | ||
| 366 | |e 500 výt. | ||
| 500 | |a Vyd. Univ. Karlova v Praze | ||
| 500 | |a Prehľad lit. | ||
| 500 | |a Slovník lek. termínov | ||
| 700 | 1 | |a Prokeš, Jaroslav, |d 1930- |4 aut | |
| 700 | 1 | |a Schneiderka, Petr, |d 1941- |4 aut | |
| 910 | |a svkkk | ||
| 998 | |a BK | ||
| 090 | |g SCKHL |k Sklad Pribinova 3. posch. |a V.116673 |j 590782 |i 2721189977 |s Povinný výt. | ||